Online
Catalog

Tartarín de tarascón : (Record no. 7965)

MARC details
000 -CABECERA
campo de control de longitud fija 01011nam a2200253 a 4500
001 - NÚMERO DE CONTROL
campo de control 000008190
005 - FECHA Y HORA DE LA ÚLTIMA TRANSACCIÓN
campo de control 20200929154457.0
008 - DATOS DE LONGITUD FIJA--INFORMACIÓN GENERAL
campo de control de longitud fija 760507s1945 ag 000 0 spa
040 ## - FUENTE DE LA CATALOGACIÓN
Centro catalogador/agencia de origen DO-SdBNP
Lengua de catalogación spa
Centro/agencia transcriptor BNPHU
041 17 - CÓDIGO DE LENGUA
Código de lengua del texto/banda sonora o título independiente spa
Código de lengua original fre
082 ## - NÚMERO DE LA CLASIFICACIÓN DECIMAL DEWEY
Número de clasificación 843.8
Número de documento/Ítem D238t
100 1# - ENTRADA PRINCIPAL--NOMBRE DE PERSONA
Nombre de persona Daudet, Alphonse,
Fechas asociadas al nombre 1840-1897.
9 (RLIN) 13777
240 10 - TÍTULO UNIFORME
Título uniforme Tartarin de tarascon. Tartarin sur les alpes. Port-Tarascon.
Lenguaje de la obra Español
245 10 - MENCIÓN DE TÍTULO
Título Tartarín de tarascón :
Resto del título Tartarín en los alpes. Post-tarascón /
Mención de responsabilidad, etc. Alphonse Daudet; traducción, Eusebio de Gorbea.
260 ## - PUBLICACIÓN, DISTRIBUCIÓN, ETC.
Lugar de publicación, distribución, etc. Buenos Aires :
Nombre del editor, distribuidor, etc. Emecé,
Fecha de publicación, distribución, etc. 1945.
300 ## - DESCRIPCIÓN FÍSICA
Extensión 142 p. ;
Dimensiones 18 cm.
490 1# - MENCIÓN DE SERIE
Mención de serie Biblioteca Emecé :
490 1# - MENCIÓN DE SERIE
Mención de serie De obras universales. Sección ;
Designación de volumen o secuencia no. 5
534 ## - NOTA SOBRE LA VERSIÓN ORIGINAL
Encabezamiento principal del original Título de la obra original:
Mención de título del original Tartarin de tarascon. Tartarin sur les alpes. Port-Tarascon
650 #4 - PUNTO DE ACCESO ADICIONAL DE MATERIA--TÉRMINO DE MATERIA
Término de materia o nombre geográfico como elemento de entrada Novela francesa
9 (RLIN) 1075
650 #4 - PUNTO DE ACCESO ADICIONAL DE MATERIA--TÉRMINO DE MATERIA
Término de materia o nombre geográfico como elemento de entrada Literatura francesa
9 (RLIN) 1074
700 1# - PUNTO DE ACCESO ADICIONAL--NOMBRE DE PERSONA
Nombre de persona Gorbea, Eusebio de,
Término indicativo de función/relación tr.
9 (RLIN) 22228
830 #0 - PUNTO DE ACCESO ADICIONAL DE SERIE-TÍTULO UNIFORME
Título uniforme Biblioteca Emecé :
Nombre de parte o sección de la obra De obras universales. Sección ;
Designación de volumen o secuencia no. 5
9 (RLIN) 22229
Holdings
Estado de retiro Estado de pérdida Restricciones de uso No para préstamo Código de colección Localización permanente Ubicación/localización actual Ubicación en estantería Fecha de adquisición Fuente de adquisición Número de inventario Total de préstamos Signatura topográfica completa Código de barras Fecha visto por última vez Precio válido a partir de Tipo de ítem Koha
    Préstamo interno   Monografías: Libros y Folletos General General Depósito 15.09.2009 002344 LF1   843.8 D238t 8190-10 25.06.2020 25.06.2020 Préstamo interno

Powered by Koha